000 01112cam a2200289 i 4500
001 18069674
003 ARRUPE
005 20160413155846.0
008 140317r20122009za b 000 0 eng
010 _a 2013439231
020 _a9789982240840 (paperback)
020 _a9982240846 (paperback)
040 _aDLC
_beng
_erda
_cDLC
042 _apcc
_alcode
050 0 0 _aPL8069.3
_b.K37 2012
100 1 _aKashoki, Mubanga E.,
_eauthor.
_919411
245 1 0 _aKeeping in step with modern times :
_ba comprehensive account of lexical adoptives in Icibemba /
_cby Mubanga E. Kashoki.
260 _aLusaka
_bBookworld
_c2012
300 _ax, 154 pages ;
_c22 cm
500 _aOriginally published: Cape Town : The Centre for Advanced Studies of African Society, 2009.
504 _aIncludes bibliographical references.
650 0 _aBemba language
_xForeign words and phrases.
_923764
710 2 _aCentre for Advanced Studies of African Society.
_923765
906 _a7
_bcbc
_corigres
_d3
_encip
_f20
_gy-gencatlg
942 _2lcc
_cMONOGRAPH
999 _c124607
_d124607